Το σύγχρονο εικονογραφημένο παιδικό βιβλίο : στη χώρα των χρωμάτων
Αποθηκεύτηκε σε:
| Κύριος συγγραφέας: | |
|---|---|
| Μορφή: | Βιβλίο |
| Γλώσσα: | Greek |
| Δημοσίευση: |
Αθήνα :
Παπαδόπουλος,
2008.
|
| Έκδοση: | c2008. |
| Θέματα: | |
| Ετικέτες: |
Προσθήκη ετικέτας
Δεν υπάρχουν, Καταχωρήστε ετικέτα πρώτοι!
|
MARC
| LEADER | 00000cam a2200000 i 4500 | ||
|---|---|---|---|
| 001 | 1/16230 | ||
| 008 | 111103s2008 gr | ||| |||| ||gre|| | ||
| 020 | |a 9789604128204 | ||
| 035 | |l 10111280 | ||
| 040 | |a GR-MY-UA |b gre |e aacr | ||
| 041 | 0 | |a gre | |
| 082 | 7 | |a 809.89282 |2 (22) | |
| 100 | 1 | |a Γιαννικοπούλου, Αγγελική Α. | |
| 245 | 1 | 3 | |a Το σύγχρονο εικονογραφημένο παιδικό βιβλίο : |b στη χώρα των χρωμάτων / |c Αγγελική Γιαννικοπούλου. |
| 250 | |a c2008. | ||
| 260 | |a Αθήνα : |b Παπαδόπουλος, |c 2008. | ||
| 300 | |a 368 σ. : |b εικ. ; |c 24 εκ. | ||
| 504 | |a Βιβλιογραφία: σ. 335-365. | ||
| 650 | 0 | 0 | |a Illustrated children's books. |
| 650 | 0 | 0 | |a Picture books for children |x History and criticism. |
| 852 | |a INST |b RHODES |c EUDOXUS |e 20111103 |h 809.89282 ΓΙΑ |p 005400033792 |q 005400033792 |t EDX |y 4 |x 20210107 | ||
| 852 | |a INST |b RHODES |c EUDOXUS |e 20210112 |h 809.89282 ΓΙΑ |p 005400041808 |q 005400041808 |t EDX |y 0 | ||
| 901 | |a BIBL4-2011-3 | ||
| 909 | |a Ρ |b 170432 | ||
| 920 | |a Εύδοξος |b Επιστροφή |y Ρόδος |z 2011-11 | ||
| 970 | |z 2011/11/03 | ||
| 920 | |a Εύδοξος |b Παραγγελία |y Ρόδος-ΤΕΠΑΕΣ |z 2021-01 | ||